000 01003cam a2200217 4500
001 ABS63640
008 000000n2001 000 0 eng u
035 _a(Sirsi) u111744
100 _aBlackler, T.
245 _aBreaking up is hard
260 _c2001
490 _aBuilding
_v266(8177) 23 March 2001, 49(1)
520 _aDiscusses the sensitive area, particularly in today's climate of partnering, of termination clauses. The standard forms of contract, JCT98 for instance, devote a number of pages to this situation. However, alongside the rights spelt out in these termination clauses, the common law rule about "recission" or "repudiation" of contract may come into play. Discusses the common law rule, illustrating that its application in construction disputes is far from clear-cut.
590 _aABS
650 _aTERMINATION CLAUSES
650 _aRECISSION
650 _aREPUDIATION
650 _aCOMMON LAW
690 _aBUILT ENVIRONMENT-BUILDING CONTRACT FORMS
942 _n0
999 _c66578
_d66578